000 00567nam a2200205 a 4500
005 20140311163004.0
008 030917s19uu xx 00 eng d
020 _a047101396X
050 _aTX 911.3.M27
_b.B35 2003
100 _aBardi, James A.
245 _aHotel front office management /
_cJames A. Bardi.
250 _a3rd ed.
260 _aNew Jersey :
_bJohn Wiley & Sons, Inc,
_c2003.
300 _ax, 434 p. :
_bill. ;
_c24 cm.
500 _aIncludes Index
521 _aTOU
650 _aHotel Management
942 _cBK
_2lcc
_kFOR
999 _c39279
_d39279